DISEÑO Y PLANIFICACIÓN DE EDIFICIO PARA LA POLICÍA MUNICIPAL DE TRÁNSITO ÁREA URBANA, SISTEMA DE ABASTECIMIENTO DE AGUA ALDEA CAQUIPEC Y PROMOCIÓN DE DISPONIBILIDAD DE ALIMENTOS HORTÍCOLAS, SAN JUAN CHAMELCO, ALTA VERAPAZ./ (Registro nro. 2090)
[ vista simple ]
| 000 -LEADER | |
|---|---|
| campo de control de longitud fija | 03926nam a22003377a 4500 |
| 001 - NÚMERO DE CONTROL | |
| campo de control | TIC 0017 |
| 003 - IDENTIFICADOR DE NÚMERO DE CONTROL | |
| campo de control | gtcocun |
| 005 - FECHA Y HORA DE LA ÚLTIMA TRANSACCIÓN | |
| campo de control | 20250923173808.0 |
| 006 - CÓDIGOS DE INFORMACIÓN DE LONGITUD FIJA--CARACTERÍSTICAS DEL MATERIAL ADICIONAL | |
| campo de control de longitud fija | a||||gr|||| 00| 0 |
| 007 - CAMPO FIJO DE DESCRIPCIÓN FÍSICA--INFORMACIÓN GENERAL | |
| campo de control de longitud fija | ta |
| 008 - DATOS DE LONGITUD FIJA--INFORMACIÓN GENERAL | |
| campo de control de longitud fija | 250923b2022 gt ||||| m||| 00| 0 eng d |
| 040 ## - FUENTE DE CATALOGACIÓN | |
| Centro catalogador/agencia de origen | gtcocun |
| Lengua de catalogación | SPA |
| Centro/agencia transcriptor | gtcocun |
| Normas de descripción | RDA |
| 041 ## - CÓDIGO DE IDIOMA | |
| Código de lengua del texto/banda sonora o título independiente | SPA TIC 0017 |
| 084 ## - OTRO NÚMERO DE CLASIFICACIÓN | |
| Número de control del registro de autoridad o número normalizado | TIC 0017 |
| 100 ## - ENTRADA PRINCIPAL--NOMBRE DE PERSONA | |
| Nombre de persona | Marroquín Reyes, Gabriel Antonio |
| Término indicativo de función/relación | Autor |
| 245 ## - MENCIÓN DEL TÍTULO | |
| Título | DISEÑO Y PLANIFICACIÓN DE EDIFICIO PARA LA POLICÍA MUNICIPAL DE TRÁNSITO ÁREA URBANA, SISTEMA DE ABASTECIMIENTO DE AGUA ALDEA CAQUIPEC Y PROMOCIÓN DE DISPONIBILIDAD DE ALIMENTOS HORTÍCOLAS, SAN JUAN CHAMELCO, ALTA VERAPAZ./ |
| Mención de responsabilidad, etc. | Gabriel Antonio Marroquín Reyes. |
| Medio | Impreso |
| 264 ## - PRODUCCIÓN, PUBLICACIÓN, DISTRIBUCIÓN, FABRICACIÓN Y COPYRIGHT | |
| Producción, publicación, distribución, fabricación y copyright | Cobán, Alta Verapaz: |
| Nombre del de productor, editor, distribuidor, fabricante | Universidad de San Carlos de Guatemala, Centro Universitario del Norte, Ingeniería Civil |
| Fecha de producción, publicación, distribución, fabricación o copyright | 2022 |
| 300 ## - DESCRIPCIÓN FÍSICA | |
| Extensión | 165 p.: |
| Otras características físicas | Ilustraciones, gráficas. |
| Dimensiones | 28 cm; |
| 300 ## - DESCRIPCIÓN FÍSICA | |
| Dimensiones | |
| 336 ## - TIPO DE CONTENIDO | |
| Fuente | rdacontenido |
| Término de tipo de contenido | Texto |
| Código de tipo de contenido | txt |
| 337 ## - TIPO DE MEDIO | |
| Fuente | rdamedio |
| Nombre/término del tipo de medio | Computadora |
| Código del tipo de medio | n |
| 338 ## - TIPO DE SOPORTE | |
| Fuente | rdasoporte |
| Nombre/término del tipo de soporte | Código en línea |
| Código del tipo de soporte | cr |
| 502 ## - NOTA DE TESIS | |
| identificador de la tesis | TIC 0017 |
| 502 ## - NOTA DE TESIS | |
| Nota de tesis | Tesis de grado |
| Tipo de título | Ingeniería Civil, |
| Nombre de la institución que otorga el título | Universidad de San Carlos de Guatemala, Centro Universitario del Norte, Ingeniería Civil, |
| Año de obtención del título | 2022 |
| Identificador de la tesis | TIC 0017 |
| 520 ## - RESUMEN, ETC. | |
| Sumario, etc. | El Ejercicio Profesional Supervisado se realizó en la Dirección Municipal de Planificación DMP de la Municipalidad de San Juan Chamelco, Alta Verapaz bajo la dirección y supervisión del Centro Universitario del Norte CUNOR, así como del Programa de Ejercicio Profesional Supervisado Multidisciplinario EPSUM. El informe contiene la propuesta técnica para la solución de las necesidades de obras civiles en el municipio de San Juan Chamelco, Alta Verapaz. El trabajo se realizó durante ocho meses, se dividió en<br/>las etapas de diagnóstico, plan de trabajo y ejecución de actividades.<br/><br/>La primera etapa fue la de diagnóstico y esta contiene una investigación de tipo<br/>monográfica y de necesidades de servicios básicos e infraestructura del municipio de San Juan Chamelco, Alta Verapaz, se identificó y se realizó una jerarquización de situaciones encontradas en donde se propusieron las más relevantes para luego plantear soluciones a los mismos en la siguiente etapa que es el plan de trabajo.<br/><br/>La segunda etapa fue la del plan de trabajo, en esta se realizó la planificación, se ordenó y se sistematizó la información que se recabó en la etapa de diagnóstico, y así se tuvo una visión de las actividades que se realizaron. También se trazaron objetivos, así como dos situaciones priorizadas y un cronograma, el cual detalló el tiempo que se llevó cada una<br/>de las actividades de la etapa siguiente.<br/><br/>La tercera y última etapa fue la de ejecución de actividades, se optó por el diseño y planificación del edificio para la Policía Municipal de Tránsito PMT, diseño y<br/>planificación del sistema de agua potable en la Aldea Caquipec, y, por último, como<br/>Proyecto Multidisciplinario, promoción de la disponibilidad de alimentos hortícolas en<br/>Sotzil, Campat y Chimox, aldeas priorizadas del municipio de San Juan Chamelco, Alta<br/>Verapaz.<br/>Durante el Ejercicio Profesional Supervisado se pusieron en práctica los conocimientos adquiridos durante los años de estudio, se crearon escenarios de retroalimentación con profesionales supervisores que lograron desarrollar criterios para la resolución de problemas técnicos específicos para la realización de los proyectos y se superaron cada<br/>una de las etapas a lo largo de los ocho meses. |
| 650 14 - PUNTO DE ACCESO ADICIONAL DE MATERIA--TÉRMINO DE MATERIA | |
| Fuente del encabezamiento o término | LEMB |
| Término de materia o nombre geográfico como elemento de entrada | San Juan Chamelco, Alta Verapaz. |
| Subdivisión general | Ingeniería |
| -- | Diseño |
| -- | Ejecución |
| -- | Investigación |
| -- | Situaciones |
| -- | Planificación |
| 700 ## - ENTRADA AGREGADA--NOMBRE PERSONAL | |
| Nombre de persona | Ing. Civil. Marlon Alexander Morán Castro |
| Término indicativo de función/relación | Asesor |
| 856 ## - LOCALIZACIÓN Y ACCESO ELECTRÓNICOS | |
| Identificador Uniforme de Recurso | <a href="https://drive.google.com/file/d/1N6anSjnyBoTa2RlJHKXGDFM-jSyhU7jh/view">https://drive.google.com/file/d/1N6anSjnyBoTa2RlJHKXGDFM-jSyhU7jh/view</a> |
| Texto de enlace | |
| Nota pública | Un ejemplar en línea. |
| 942 ## - ELEMENTOS DE ENTRADA SECUNDARIOS (KOHA) | |
| Fuente de la clasificación o esquema de estantería | Clasificación Decimal Dewey |
| Tipo de ítem Koha | TESIS |
| Parte de la signatura que identifica el ejemplar (Parte del ítem) | TIC 0017 |
| Prefijo de la signatura | Clasificación |
| Suprimir en OPAC | No |
| -- | TIC_0017_000000000000000 |
| Estatus retirado | Estado de pérdida | Fuente de la clasificación o esquema de estantería | Estado de daño | No para préstamo | Colección | Biblioteca de origen | Biblioteca actual | Ubicación en estantería | Fecha de adquisición | Número de inventario | Total de préstamos | Signatura topográfica completa | Código de barras | Visto por última vez | Precio de reemplazo | Tipo de ítem Koha |
|---|---|---|---|---|---|---|---|---|---|---|---|---|---|---|---|---|
| Clasificación Decimal Dewey | tesis | BIBLIOTECA- CUNOR -JOSÉ LUIS GONZALES ROSALES | BIBLIOTECA- CUNOR -JOSÉ LUIS GONZALES ROSALES | Colección tesis | 16/09/2025 | TIC 0017 | TIC 0017 | TIC 0017 | 16/09/2025 | 16/09/2025 | TESIS |